000 00398nam a22001697a 4500
005 20160620124519.0
008 160620b xxu||||| |||| 00| 0 eng d
020 _a0-19-860952-3
041 _aeng
082 _b8511
100 _aKemp, Peter
_92319
245 _aConcise Dictionary of literary Quatations
260 _boxford
_c2004
300 _a490
650 _aManagement
_9241
942 _cBK
999 _c3266
_d3265